Statistics for Healthiest Fruits and Vegetables

Click here to take the quiz!

General Stats

  • This quiz has been taken 38,214 times
    (38,188 since last reset)
  • The average score is 15 of 41

Answer Stats

Score Answer % Correct
22.60Carrot
82%
86.43Spinach
80%
20.37Tomato
74%
12.91Orange
73%
34.89Broccoli
71%
63.48Romaine Lettuce
70%
18.28Iceberg Lettuce
68%
70.73Leaf Lettuce
68%
49.07Kale
65%
27.35Scallion
58%
17.59Strawberry
56%
91.99Chinese Cabbage
55%
24.51Cabbage
53%
18.72Lemon
48%
41.26Red Pepper
48%
25.13Cauliflower
47%
12.23Lime
39%
87.08Beet Greens
37%
32.23Brussels Sprout
33%
13.89Winter Squash
32%
11.64Grapefruit (pink and red)
32%
10.51Sweet potato
32%
10.47Grapefruit (white)
32%
11.43Turnip
29%
11.39Blackberry
29%
62.12Turnip Greens
29%
16.91Radish
28%
33.82Pumpkin
26%
10.69Leek
20%
37.65Arugula
17%
62.49Collard Greens
13%
11.58Rutabaga
13%
89.27Chard
13%
65.59Parsley
13%
100Watercress
10%
61.39Mustard Greens
7%
60.44Endive
6%
54.80Chives
6%
46.34Dandelion Greens
6%
73.36Chicory
4%
25.92Kohlrabi
4%

Score Distribution

Percentile by Number Answered

Percent of People with Each Score

Your Score History

You have not taken this quiz since the last reset